| 000 | 00433nam a2200157 4500 | ||
|---|---|---|---|
| 008 | 191125s2010||||xo d | ||
| 100 | 1 |
_aStanislavová Zuzana _91453 |
|
| 700 | 1 |
_aa kol. autorov _91454 |
|
| 245 | 1 | 0 | _aDejiny slovenskej literatúry pre deti a mládež po roku 1960 |
| 250 | _a1.vydanie | ||
| 260 |
_bLIC _aBratislava _c2010 |
||
| 300 | _a318s. | ||
| 020 |
_a9788081190261 _c16,40 |
||
| 041 | 1 | _aslo | |
| 044 |
_axo _cSK |
||
| 999 |
_c22820 _d22820 |
||